Nové směry a poznatky v oblasti automatizace normování práce Sborník přednášek. Trutnov 1988

Gespeichert in:
Bibliographische Detailangaben
Format: Buch
Sprache:Tschechisch
Veröffentlicht: Trutnov Dům kult. ROH 1988
Ausgabe:1. vyd.
Tags: Tag hinzufügen
Keine Tags, Fügen Sie das erste Tag hinzu!

MARC

LEADER 00000nam a2200000 4500
001 c025453
005 20221219085419.0
041 0 |a cze 
044 |a CZ 
245 1 0 |a Nové směry a poznatky v oblasti automatizace normování práce  |b Sborník přednášek. Trutnov 1988 
250 |a 1. vyd. 
264 1 |a Trutnov  |b Dům kult. ROH  |c 1988 
300 |a 82 s.